000 00409nam a22001697a 4500
003 MPLRDC
005 20220104124849.0
008 210129b ||||| |||| 00| 0 eng d
082 _a857.9 JY v.2 c.6
100 _a金庸著
245 _a碧血剑. 中
_c
250 _a一版一刷
260 _a
_b海南人民出版社
_c1985
300 _b
650 _a武侠小说
942 _cBK
_o857.9 JY v.2 c.6
999 _c22762
_d22752